Czy rozpoznasz flagi tych terytoriów zależnych? - Statystyki

Ogólne statystyki
  • Ten quiz został rozwiązany 241 razy
  • Średni wynik to 14 z 20
Statystyki odpowiedzi
Obrazkowy Odpowiedź % Poprawnych
Grenlandia
95%
Portoryko
93%
Wyspy Owcze
92%
Gibraltar
91%
Guam
76%
Aruba
74%
Jersey
71%
Wyspy Kokosowe
71%
Samoa Amerykańskie
69%
Niue
68%
Polinezja Francuska
67%
Wyspy Cooka
67%
Bermudy
64%
Norfolk
63%
Curaçao
59%
Tokelau
58%
Wyspa Bożego Narodzenia
58%
Guernsey
54%
Bonaire
43%
Saba
42%
Nie znaleziono quizów pasujących do podanych kryteriów
Rozkład punktacji
Procent ludzi z każdym wynikiem
Percentyl według liczby udzielonych odpowiedzi
Twoja historia wyników
Nie rozwiązałeś tego quizu